000 00417nam a2200121 a 4500
001 000044955
005 20201002045747.0
008 150122s1997 000 spa d
040 _aDO-SdBNP
_bspa
_cBNPHU
245 0 _aCien Años de la Poesía Dominicana :. :
_bhomenaje a Salomé Ureña.
260 _aSanto Domingo, República Dominicana, :
_bUniversidad Autónoma de Santo Domingo,
_c1997.
300 _a10 p. ;
_c22 cm.
999 _c44444
_d44444